Economic and financial review: Central Bank of Nigeria. (Record no. 38164)

MARC details
000 -LEADER
fixed length control field 00497nam a2200169Ia 4500
022 ## - INTERNATIONAL STANDARD SERIAL NUMBER
ISSN 19572968
050 ## - CALL MARK
Classification number HG 46 .C46/
245 #0 - TITLE STATEMENT
Title Economic and financial review: Central Bank of Nigeria.
260 ## - PUBLICATION, DISTRIBUTION, ETC. (IMPRINT)
Place of publication Lagos
260 ## - PUBLICATION, DISTRIBUTION, ETC. (IMPRINT)
Name of publisher Development Universal Consortia
260 ## - PUBLICATION, DISTRIBUTION, ETC. (IMPRINT)
Year of publication 1997
300 ## - PHYSICAL DESCRIPTION
Number of Pages 146 p. ; 25 cm.
650 ## - SUBJECT ADDED ENTRY--TOPICAL TERM
Topical Term Finance--Nigeria--Periodicals. Banks and banking--Nigeria--Periodicals.
942 ## - ADDED ENTRY ELEMENTS (KOHA)
Koha item type Serials

No items available.